000 00562nam a22001697a 4500
003 MACL
005 20160722151319.0
008 160722b xxu||||| |||| 00| 0 eng d
040 _cMACL
041 _aHindi
082 _a900 KAS
100 _aकसवा, राजेन्‍द्र
_961748
245 _aभारत बनाम इण्डिया
_cराजेन्‍द्र कसवा
260 _aजयपुर
_bबाजिया बुक कम्‍पनी
_c2011
650 _aइतिहास
_964999
942 _2ddc
_cHIN
999 _c54696
_d54696